000 00542nam a2200229 a 4500
001 nice12345678
003 IN_TiNIC
005 20260116011438.0
008 050524s1931 lona grp 000 0 eng
020 _a
_c100
082 0 0 _a232.9
_bGAI
100 _aGairdner, W H T
245 _aBook of Instruction for Catechumens
260 _aLondon
_bSpck
_c1931
300 _a168p
500 _aincludes index and biblioraphy
505 2 _aindex
650 _aJesus Christ-Biography
902 _bSRS
942 _cBK
999 _c1604
_d1604